| 000 | 01007pam a2200229 a 4500 | ||
|---|---|---|---|
| 020 | _a1565655400 | ||
| 082 | 0 | 0 |
_a745 _bBEL _cL-01, P-46 |
| 100 | 1 |
_aBell, Alison. _946862 |
|
| 245 | 1 | 0 |
_a50 nifty super scary crafts and things to do / _cwritten by Alison Bell ; illustrated by Will Suckow. |
| 260 |
_aLos Angeles : _bLowell House Juvenile ; _aChicago : _bContemporary Books, _c1996. |
||
| 300 |
_a80 p. : _bill. ; _c24 cm. |
||
| 500 | _aRev. ed. of: 50 nifty frightening things to do and make. | ||
| 520 | _aGives instructions for making fifty scary crafts, such as shrunken head pen decorators and blood spattered gift wrap, that would be appropriate for Halloween. | ||
| 526 |
_a0 _b0 _c0 _d745_000000000000000_BEL |
||
| 650 | 0 |
_aHalloween decorations _xJuvenile literature. _946863 |
|
| 650 | 0 |
_aHalloween _xJuvenile literature. _946864 |
|
| 650 | 1 |
_aHalloween decorations. _946865 |
|
| 650 | 1 |
_aHandicraft. _944553 |
|
| 700 | 1 |
_aBell, Alison. _946862 |
|
| 700 | 1 |
_aSuckow, Will, _946866 |
|
| 942 |
_2ddc _cBK |
||
| 999 |
_c550113 _d550113 |
||